Earth conduction effects in transmission systems,

Saved in:
Bibliographic Details
Main Author: Sunde, Erling Ditlef, 1902-
Format: Book
Language:English
Published: New York, Dover Publications [1968]
Subjects:
LEADER 01048nam a22002531 4500
001 c000312390
003 CARM
005 00000000000000.0
008 700901r19681949nyua b 00010 eng
019 1 |a 699775  |5 LACONCORD2021 
035 |a (OCoLC)437528  |5 LACONCORD2021 
050 0 0 |a TK3226  |b .S88 1968 
100 1 0 |a Sunde, Erling Ditlef,  |d 1902- 
245 1 0 |a Earth conduction effects in transmission systems,  |c by Erling D. Sunde. 
260 |a New York,  |b Dover Publications  |c [1968] 
300 |a xiii, 370 p.  |b illus.  |c 22 cm. 
500 |a "An unabridged and corrected republication of the work originally published ... in 1949. This edition contains a new preface by the author." 
504 |a Bibliography: p. 359-365. 
650 0 |a Electric lines. 
650 0 |a Electric conductivity. 
852 8 |b CARM  |h A3:AB24A0  |i B10965  |p 0471630  |f BK 
082 0 4 |a 621.3192 
999 f f |i ffc63311-9adb-584e-8340-f02c892109f1  |s 500fa89e-0d14-52cb-8d91-06f9685ae53b 
952 f f |p Can circulate  |a CAVAL  |b CAVAL  |c CAVAL  |d CARM 1 Store  |e B10965  |f A3:AB24A0  |h Other scheme  |i book  |m 0471630